000 01432nam a22003137a 4500
001 8979
003 FISKH
005 20251112123236.0
008 251112b cb ||||| |||| 00| 0 eng d
020 _a9789996301629
040 _aFISKH
_bkhr
_cFISKH
_dFISKH
050 _aPZ7
082 _a895.922
100 _aDawn, Dim
245 _aមាយាទក្អែក :
_bCrow's conduct /
_cនិពន្ធដោយលោក ឌឹម ដន,​ កែសម្រួលដោយ អ្នកស្រី គឹមស៊ុន សុធារី , លោក ធី ចានថន និង កញ្ញា ហេង ចរិយា
260 _aPhnom Penh :
_bReading Books ,
_c2012.
300 _a24 pages :
_bcolor illustrations ;
_c25 cm .
490 _aពិភពរឿងនិទាន
505 _aL
520 _aរឿងនេះចង់អប់រំដល់ប្អូនៗកុមារអោយមានការយល់ដឹងពីការសេពគប់មិត្ត ។​
520 _aThis story aims to educate children to understand the value of friendship.
521 8 _a550
_bLexile estimate
521 8 _aL
_bRaz-Plus
650 _aមារយាទក្អែក​
_vរឿងនិទានកុមារ
650 _aCrow's conduct
_vChildren's Stories
700 _aVichit, Prom
_eIllustrator
942 _2ddc
_cKHB
_n0
999 _c8979
_d8979